Josef Ruszelák : obrazy, kresby, grafika : Galerie Jaroslava Krále 23.9.-11.10.1987 /

Hlavní autor: Ruszelák, Josef, 1938-
Další autoři: Pokorný, Miroslav, 1946-, Červenka, Rudolf, 1942-2021, Kundera, Ludvík, 1920-2010, Plešák, Miroslav, 1943-2021
Jazyk: Čeština
Vydáno: Brno : Jihomoravská krajská organizace Svazu československých výtvarných umělců, 1987
Témata:
Fyzický popis: 12 nečíslovaných stran : ilustrace ; 20 cm
Knihy
Uloženo v:
LEADER 01546nam a22003732i 4500
001 001537510
003 CZ BrMZK
005 20161208085802.0
007 ta
008 160728s1987 xr a er|||||||||||cze d
015 |a cnb000038788 
020 |q (Brož.) 
035 |a (OCoLC)39437393 
040 |a ABA001  |b cze  |d ABA001  |d BOA001  |e rda 
080 9 |a 75.071.1Ruszelák,J. 
080 9 |a 76.071.1Rzszelák,J. 
100 1 |a Ruszelák, Josef,  |d 1938-  |7 jn20000728574  |4 art  |4 ill 
245 1 0 |a Josef Ruszelák :  |b obrazy, kresby, grafika : Galerie Jaroslava Krále 23.9.-11.10.1987 /  |c úvod Ludvík Kundera, Miroslav Plešák ; fotografie Rudolf Červenka, Miroslav Pokorný 
246 3 0 |a Obrazy, kresby, grafika - Josef Ruszelák 
264 1 |a Brno :  |b Jihomoravská krajská organizace Svazu československých výtvarných umělců,  |c 1987 
300 |a 12 nečíslovaných stran :  |b ilustrace ;  |c 20 cm 
336 |a text  |b txt  |2 rdacontent 
337 |a bez média  |b n  |2 rdamedia 
338 |a svazek  |b nc  |2 rdacarrier 
600 1 7 |a Ruszelák, Josef,  |d 1938-  |7 jn20000728574  |2 czenas 
655 7 |a katalogy výstav  |7 fd132536  |2 czenas 
700 1 |a Pokorný, Miroslav,  |d 1946-  |7 jn99240000890  |4 ill 
700 1 |a Červenka, Rudolf,  |d 1942-2021  |7 jn19981002652  |4 ill 
700 1 |a Kundera, Ludvík,  |d 1920-2010  |7 jk01070892  |4 wfw 
700 1 |a Plešák, Miroslav,  |d 1943-2021  |7 jn20001227152  |4 wfw 
910 |a BOA001  |b X-0926.458 
990 |a BK 
991 |b 201605 
996 6 |b 2619168930  |c X-0926.458  |l MZK  |r Sklad / do 24 hodin  |n 0  |w 001572377  |u 000010  |a 1  |e BOA001  |j MZK50  |s P